000 00802nam a2200193Ia 4500
003 GCL
008 140319s9999 xx 000 0 ara d
020 _a1051110977
040 _aGCL /
_cGCL
082 0 4 _aط
_b818
_bم ق
100 1 _aمحمد ماهر قابيل
245 1 0 _aسلسلة قصة مثل \ دفناه سوا - فى المشمش - عدم ماله من حكم الناس فى حاله - اول الطرح نطح - غراب ابن غراب - لسانك حصانك - اخر خدمة الغز علقة /
_cمحمد ماهر قابيل
260 _aالقاهرة :
_bدار الفكر العربى ،
_c1991
300 _a7 مج ؛
_c24 سم
490 _aسلسلة قصة مثل
_v0
650 0 4 _aادب الاطفال
650 0 4 _aالامثال الشعبية
942 _2ddc
_cBK
999 _c56283
_d56283